01087 2200385 4500001002100000005001500021007000300036008004100039020002200080035002000102040001700122041000800139082001000147084001600157090002500173100003800198245007900236250000900315264003000324300003900354336002100393337003000414338002300444504002500467650001300492700003700505850001000542990001700552990002200569990002200591990002200613990002200635990002200657990002200679INLIS00000000000933920260422075511ta260422 0  a978-979-29-6075-4 a0010-1122000298 aSBPUPADbind0 aind a746.4 a746.4 MAR a a746.4 MAR a L 22 R 90 aMarvelly Marta Widada;ePengarang1 aAneka Kreasi Pola rajut /cMarvelly Marta Widada;Editor; Th.Arie Prabawati aEd.1 aYogyakarta :bAndi,c2017 avi 114 hlm. :bilus. ;c19 x 23 cm 2rdacontentateks 2rdamediaatanpa perantara 2rdacarrieravolume abibiliografi, hlm 89 4akesenian aeditor;Arie PrabawatiePengarang aPUPAD a27.754/H/DPK a29.846/B/DPK/2018 a29.847/B/DPK/2018 a29.848/B/DPK/2018 a36.013/S-DPK/2021 a36.014/S/DPK/2021 a36.016/S DPK/2021